| 000 | 01662nam a22002775a 4500 | ||
|---|---|---|---|
| 003 | OSt | ||
| 005 | 20180424115218.0 | ||
| 008 | 180424s1991 jo a frb 000 0 ara d | ||
| 020 | _a9226075506 | ||
| 040 |
_aEG-ScBUE _bara _cEG-ScBUE |
||
| 043 | _aa-jo--- | ||
| 082 | 0 | 4 |
_a331.11095695 _bهـ ي ا _222 |
| 245 | 0 | 0 |
_aهياكل القوى البشرية في سوق العمل الأردني / _c تحرير ومراجعة نبيل خوري، أحمد قاسم الأحمد ؛ المساهمون، نبيل خوري ... [إلخ.]. |
| 250 | _aط. 1. | ||
| 260 |
_a[عمان، الأردن] : _bالمملكة الأردنية الهاشمية، الجمعية العلمية الملكية، مركز البحوث الإقتصادية ؛ _a[د. م.] : _bمنظمة العمل الدولية، المكتب الإقليمي للدول العربية، فريق عمل السكان والقوى العاملة في منطقة الشرق الأوسط وحوض البحر الأبيض المتوسط، _c1991. |
||
| 300 |
_a166 ص. : _bإيض. ؛ _c24 سم. |
||
| 504 | _aيشتمل على إرجاعات ببليوجرافية. | ||
| 541 |
_aأ. محمد فريد خميس ؛ _cإهداء ؛ |
||
| 650 | _2BUEsh | ||
| 651 | _2BUEsh | ||
| 700 | 1 |
_aخوري، نبيل، _eمحرر، _eمراجع. |
|
| 700 | 1 |
_aالأحمد، أحمد قاسم، _eمحرر، _eمراجع. |
|
| 710 | 2 | _aمركز البحوث الاقتصادية (أردن) | |
| 710 | 2 |
_aمنظمة العمل الدولية. _bفريق عمل السكان والقوى العاملة في منطقة الشرق الأوسط وحوض البحر الأبيض المتوسط. |
|
| 942 | _2ddc | ||
| 999 |
_c26580 _d26552 |
||